| 000 | 00433nam a2200145 i 4500 | ||
|---|---|---|---|
| 001 | 79409 | ||
| 003 | ES-MaACL | ||
| 007 | t| | ||
| 008 | 041021s1908 fr ||||1| fre d | ||
| 100 | 1 |
_aHenry, Victor. _962606 |
|
| 245 | 1 | 0 |
_aPrecis de Grammaire comparée du grec et du latin / _cpar Victor Henry. |
| 260 |
_aParis : _b[s.n.], _c1908 ( _eLille : _fImp. S. Duval) |
||
| 300 |
_aXXXVIII, 364 p. ; _c23 cm. |
||
| 852 |
_aES-MaACL _jB-2215 |
||
| 999 |
_c79409 _d79409 |
||